German Presidents - Statistics

General Stats
  • This quiz has been taken 762 times
  • The average score is 7 of 15
Answer Stats
Hint Answer % Correct
1934 - 1945 Adolf Hitler
79%
2012 - Joachim Gauck
68%
2010 - 2012 Christian Wulff
64%
1925 - 1934 Paul van Hindenburg
61%
2004 - 2010 Horst Köhler
57%
1999 - 2004 Johannes Rau
53%
1949 - 1959 Theodor Heuss
48%
1984 - 1994 Richard von Weizsäcker
45%
1994 - 1999 Roman Herzog
43%
1919 - 1925 Friedrich Ebert
40%
1974 - 1979 Walter Scheel
39%
1959 - 1969 Heinrich Lübke
30%
1969 - 1974 Gustav Heinemann
29%
1945 Karl Dönitz
27%
1979 - 1984 Karl Castens
11%
No matching quizzes found
Score Distribution
Percent of People with Each Score
Percentile by Number Answered
Your Score History
You have not taken this quiz